[Event "Teteven op 24th"]
[Site "Teteven"]
[Date "2009.08.19"]
[Round "6"]
[White "Todorov, Momchil"]
[Black "Kozhuharov, Spas"]
[Result "0-1"]
[WhiteElo "2229"]
[BlackElo "2406"]
[PlyCount "66"]
[EventDate "2009.08.15"]
[EventType "swiss"]
[EventRounds "9"]
[EventCountry "BUL"]
[SourceTitle "CBM 131 Extra"]
[Source "ChessBase"]
[SourceDate "2009.09.03"]
[SourceVersion "2"]
[SourceVersionDate "2009.09.16"]
[SourceQuality "1"]

1. e4 c5 2. Nf3 d6 3. d4 Nf6 4. Nc3 cxd4 5. Nxd4 Nc6 6. Bg5 e6 7. Qd2 a6 8. 0-0-0 Bd7 9. f4 b5 10. Bxf6 gxf6 11. Kb1 Qb6 12. Nxc6 Bxc6 13. f5 Qc5 14. Bd3 h5 15. Qe1 h4 16. Nd5 Bxd5 17. exd5 e5 18. Be4 b4 19. Rd3 a5 20. Qe2 Bh6 21. Rhd1 Ke7 22. Rh3 Bg5 23. Qd3 a4 24. g3 hxg3 25. Rxh8 Rxh8 26. hxg3 a3 27. Qa6 Rh2 28. Qc6 Rd2 29. Qb7+ Kf8 30. Rh1 Rh2 31. Rd1 Kg7 32. Qc6 Rd2 33. Rh1 Qd4 0-1

[Event "Teteven op 24th"]
[Site "Teteven"]
[Date "2009.08.16"]
[Round "3"]
[White "Dzanev, Georgi"]
[Black "Todorov, Momchil"]
[Result "1/2-1/2"]
[WhiteElo "2109"]
[BlackElo "2229"]
[PlyCount "101"]
[EventDate "2009.08.15"]
[EventType "swiss"]
[EventRounds "9"]
[EventCountry "BUL"]
[SourceTitle "CBM 131 Extra"]
[Source "ChessBase"]
[SourceDate "2009.09.03"]
[SourceVersion "2"]
[SourceVersionDate "2009.09.16"]
[SourceQuality "1"]

1. d4 Nf6 2. c4 g6 3. Nc3 d5 4. cxd5 Nxd5 5. e4 Nxc3 6. bxc3 Bg7 7. Bc4 c5 8. Ne2 0-0 9. Be3 Nc6 10. 0-0 Na5 11. Bd3 b6 12. dxc5 Be6 13. Qc2 bxc5 14. Bxc5 Qc7 15. Bd4 Bh6 16. f4 Nc4 17. h3 Rab8 18. Bxc4 Bxc4 19. f5 Qb7 20. Rfb1 Qa6 21. Rxb8 Rxb8 22. Ng3 Bf4 23. Qf2 Qd6 24. Nf1 a5 25. Ne3 Bd3 26. Nd5 Bh2+ 27. Kh1 Bxe4 28. Nxe7+ Qxe7 29. Kxh2 Bxf5 30. Re1 Be6 31. Bf6 Qf8 32. Re2 Rb5 33. Qd4 Rd5 34. Qa7 Qd6+ 35. g3 Rh5 36. h4 Rc5 37. Bd4 Rh5 38. Qa8+ Qf8 39. Qf3 Rf5 40. Qe3 Qa8 41. Rb2 Rf1 42. Rg2 Qd5 43. Qe5 Qxe5 44. Bxe5 Bd5 45. Rg1 Rxg1 46. Kxg1 Bxa2 47. Kf2 f5 48. Ke3 Kf7 49. Kd4 Ke6 50. Bf4 a4 51. Kc5 1/2-1/2

[Event "Sofia Kirov Memorial"]
[Site "Sofia"]
[Date "2009.01.06"]
[Round "5"]
[White "Todorov, Momchil"]
[Black "Drenchev, Petar"]
[Result "1/2-1/2"]
[WhiteElo "2237"]
[BlackElo "2458"]
[PlyCount "51"]
[EventDate "2009.01.03"]
[EventType "swiss"]
[EventRounds "9"]
[EventCountry "BUL"]
[SourceTitle "EXT 2010"]
[Source "ChessBase"]
[SourceDate "2010.11.25"]
[SourceVersion "1"]
[SourceVersionDate "2010.11.25"]
[SourceQuality "1"]

1. Nf3 d5 2. d4 Nf6 3. c4 e6 4. Nc3 c6 5. Bg5 dxc4 6. e4 b5 7. e5 h6 8. Bh4 g5 9. exf6 gxh4 10. Ne5 Qxf6 11. g3 Nd7 12. Qe2 Bg7 13. Nxc6 e5 14. Bg2 Bb7 15. d5 Nc5 16. 0-0 a6 17. a4 0-0 18. axb5 axb5 19. Nxb5 Rxa1 20. Rxa1 e4 21. Nc3 hxg3 22. hxg3 Bxc6 23. dxc6 Qxc6 24. Qxc4 Qb6 25. Nxe4 Nxe4 26. Bxe4 1/2-1/2

[Event "Baharov Memorial op 16th"]
[Site "Sofia"]
[Date "2008.11.12"]
[Round "5"]
[White "Andreev, Dobrotich"]
[Black "Todorov, Momchil"]
[Result "1/2-1/2"]
[WhiteElo "2119"]
[BlackElo "2246"]
[PlyCount "79"]
[EventDate "2008.11.09"]
[EventType "swiss"]
[EventRounds "7"]
[EventCountry "BUL"]
[SourceTitle "CBM 127 Extra"]
[Source "ChessBase"]
[SourceDate "2009.01.08"]
[SourceVersion "2"]
[SourceVersionDate "2009.01.28"]
[SourceQuality "1"]

1. e4 c5 2. Nf3 d6 3. d4 cxd4 4. Nxd4 Nf6 5. Nc3 a6 6. f3 e5 7. Nb3 Be6 8. Be3 Be7 9. Qd2 0-0 10. 0-0-0 Nbd7 11. g4 b5 12. g5 b4 13. Nd5 Nxd5 14. exd5 Bf5 15. h4 a5 16. Kb1 a4 17. Nc1 Qb8 18. Bd3 Bxd3 19. Nxd3 b3 20. cxb3 axb3 21. a3 Bd8 22. Qb4 Bb6 23. Bxb6 Qxb6 24. Rc1 Qxb4 25. Nxb4 Nc5 26. Rhe1 f6 27. Re3 fxg5 28. hxg5 Rf5 29. g6 hxg6 30. Nd3 Na4 31. Nf2 Nc5 32. Ne4 Nxe4 33. fxe4 Rf4 34. Rxb3 Rxe4 35. Rc7 Rd4 36. Rbb7 Kh7 37. Rxg7+ Kh6 38. Rh7+ Kg5 39. Rh2 Rxd5 40. Rg2+ 1/2-1/2